|
|
|
|
| LEADER |
00787 a2200193 4500 |
| 005 |
20151026133205.0 |
| 008 |
130213t xxu||||| |||| 00| 0 eng d |
| 080 |
|
|
|a 681.324:004.932
|b MAY
|
| 100 |
|
|
|a Maybury, Mark T; ed.
|e ed. by.
|9 22876
|
| 245 |
|
|
|a Multimedia information extraction
|b advances in video, audio and imagery analysis for search, data mining, surveillance and authoring
|
| 300 |
|
|
|a xxi, 474p.
|
| 653 |
|
|
|a Data mining - image processing
|
| 653 |
|
|
|a Metadata harvesting
|
| 653 |
|
|
|a Multimedia image processing
|
| 942 |
|
|
|c BK
|6 _
|
| 260 |
|
|
|b John Wiley
|c 2012
|a New Jersey
|9 22877
|
| 020 |
|
|
|a 9781118118917
|
| 999 |
|
|
|c 64920
|d 64920
|
| 952 |
|
|
|0 0
|1 0
|2 udc
|4 0
|6 681324004932_MAY
|7 0
|9 77281
|a UL
|b UL
|d 2012-12-29
|e 133
|g 0.00
|o 681.324:004.932 MAY
|p 00068231
|r 2013-11-03
|v 0.00
|w 2012-12-29
|y BK
|